Finish The Line: Full House Edition Quiz Stats

 Plays Quiz not verified by Sporcle

Challenge
Share
Tweet
Embed
Score 0/12 Timer 10:00
0 Plays Today
Line Answer % Correct
Hey, if you can't have fun with your little sister, then what's the point __ ____ ___? (DJ)of having one
59.8%
Pete?He's a legend. Girls throw themselves at him. They say he's never _____ ____ _____ ___ (Kimmy)heard the word no
55.9%
Darling, I just hope you are alright. But if you are alright, __ ___ ___. (Becky)i'll kill you
54.9%
Kimmy, you're so dumb you don't even know how ____ ___ ___ (Stephanie)dumb you are
53.9%
You threw pieces of bread at the kid, Stephanie He's __ ___ ___ ____ (Jesse)not a real duck
52.9%
Living with Michelle is a ________ ___ ________ _____ (Stephanie)nightmare on sesame street
21.6%
Look, lady! Nobody ___ ____ ____ _____! (DJ)in this family barks
21.6%
Well, if I have the brain of a paramecium, you have the brain of ___ ___ _____. (Stephanie)only one mecium
21.6%
This is Danny Tanner reminding you that ____ __ ____ ____! (Danny)disco will never die
18.6%
So, the trick to staying calm is to keep your ____ ___ ___ ____? (Kimmy)elbow in the dip
17.6%
Hey, if you're going to steal my jokes, at least say them right, __ _____ ____ (Joey)you yahoo bird
14.7%
She was choking on a bad piece of cheese, so I gave her the Hoover Maneuver and ______ ___ ___ __ ____ (Joey)sucked it out of her
7.8%

You're not logged in!

Compare scores with friends on all Sporcle quizzes.
Join for Free
OR
Log In

You Might Also Like...

Show Comments

Extras

Created Feb 18, 2012ReportFavoriteNominate
Tags:edition, finish, full, house

Top Quizzes Today


Score Distribution

Your Account Isn't Verified!

In order to create a playlist on Sporcle, you need to verify the email address you used during registration. Go to your Sporcle Settings to finish the process.

Report this User

Report this user for behavior that violates our Community Guidelines.

Details: